Braveheart
Na minha lista:
| Autor principal: | |
|---|---|
| Formato: | Livro |
| Idioma: | Undetermined |
| Publicado em: |
England
Pearson Education
1996
|
| Assuntos: | |
| Tags: |
Adicionar Tag
Sem tags, seja o primeiro a adicionar uma tag!
|
| Thư viện lưu trữ: | Trung tâm Học liệu Trường Đại học Cần Thơ |
|---|
| LEADER | 00549nam a2200217Ia 4500 | ||
|---|---|---|---|
| 001 | CTU_103197 | ||
| 008 | 210402s9999 xx 000 0 und d | ||
| 020 | |c 4.76 | ||
| 082 | |a 823.8 | ||
| 082 | |b W193 | ||
| 100 | |a Wallace, Randall | ||
| 245 | 0 | |a Braveheart | |
| 245 | 0 | |c Randall Wallace | |
| 260 | |a England | ||
| 260 | |b Pearson Education | ||
| 260 | |c 1996 | ||
| 650 | |a Scotland | ||
| 650 | |x History | ||
| 650 | |y Wallace’s rising, 1297-1304 | ||
| 904 | |i Năm, Trong Hieu | ||
| 980 | |a Trung tâm Học liệu Trường Đại học Cần Thơ | ||